| 000 | 01209cam a22003255a 4500 | ||
|---|---|---|---|
| 001 | L158459 | ||
| 008 | 150309s2015 xxk f 000 0 eng d | ||
| 020 | _a9781910661208 | ||
| 035 | _a(Sirsi) u158459 | ||
| 041 | 0 | _aeng | |
| 100 | 1 | _aPrice, Gail | |
| 245 | 0 | 0 |
_aHousing law and practice, 2014 _h[electronic resource] |
| 250 | _anew ed. | ||
| 260 |
_aLondon _bCollege of Law _c2014 |
||
| 300 | _aeBook | ||
| 520 | _aCovers a range of issues relating to housing law including assured and assured shorthold tenancies, Rent Act 1977 regulated tenancies, public sector housing, disrepairs, rights of long leaseholders, protection from unlawful eviction and harassessment, possesion claims and homelessness. | ||
| 590 | _aKA | ||
| 650 | 2 | 4 | _aASSURED TENANCIES |
| 650 | 2 | 4 | _aASSURED SHORTHOLD TENANCIES |
| 650 | 2 | 4 | _aRENT ACT 1977 |
| 650 | 2 | 4 | _aREGULATED TENANCIES |
| 650 | 2 | 4 | _aSOCIAL HOUSING |
| 650 | 2 | 4 | _aPROTECTION FROM UNLAWFUL EVICTION |
| 650 | 2 | 4 | _aPOSSESSION CLAIMS |
| 650 | 2 | 4 | _aEBOOK |
| 651 | 4 | _aENGLAND AND WALES | |
| 690 |
_aResidential property _96266 |
||
| 856 | 4 | 0 |
_uhttps://www.vlebooks.com/ _zView on VLEbooks. Logins for members only from [email protected] |
| 942 | _n0 | ||
| 999 |
_c115321 _d115321 |
||